Discursos universitarios

Kaydedildi:
Detaylı Bibliyografya
Yazar: Molina Garmendia, Enrique (autor)
Materyal Türü: Kitap
Dil:İspanyolca
Baskı/Yayın Bilgisi: Concepción Atenea 1939
Konular:
Etiketler: Etiketle
Etiket eklenmemiş, İlk siz ekleyin!

MARC

LEADER 00000nam a2200000 a 4500
001 UCW3950
003 CL-VaPUC
008 890614e19390000CL |||||||||||||||||spa|d
082 0 4 |a 378.002  |b MOL  |2 21 
100 |a Molina Garmendia, Enrique  |e autor  |9 309095 
245 1 0 |a Discursos universitarios 
300 |a 106 p 
942 |c BK 
945 |d 19890614 00:00:00 
260 |a Concepción  |b Atenea  |c 1939 
650 0 |a Educación superior   |9 223851 
583 |a last modification  |c 19890614 00:00:00  |k Rodrigo Vera 
999 |c 217799  |d 217797 
952 |0 0  |1 0  |4 0  |6 378_002000000000000_MOL_1939  |7 0  |8 P  |9 206284  |a BIBEDU  |b BIBEDU  |c BIBEDU_PB  |d 2019-11-15  |i 2740826  |o 378.002 MOL 1939  |p 2740826  |r 2024-01-25  |w 2019-11-15  |y BK  |k EDU